Forever Winter lyrics - Statistics

General Stats
  • This quiz has been taken 295 times
  • The average score is 293 of 347
Answer Stats
Lyrics % Correct
for
99%
I
99%
when
99%
a
98%
forever
98%
Forever
98%
winter
98%
be
97%
if
97%
If
97%
it
97%
you
97%
go
95%
the
95%
to
95%
know
94%
He
93%
he
93%
I'll
92%
in
92%
in"
92%
on
92%
a.m.
90%
didn't
90%
say
90%
say,
90%
Too
90%
down
89%
floor
89%
were
89%
3
88%
All
88%
better,
88%
better
88%
breakin'
88%
doesn't
88%
fall
88%
gets
88%
love,
88%
love
88%
pieces
88%
says
88%
says,
88%
so
88%
summer
88%
sun
88%
this
88%
time
88%
time,
88%
He's
87%
young
87%
believe
86%
"Believe
86%
"It's
86%
it's
86%
just
86%
away?"
85%
away"
85%
I'd
85%
these
85%
up
85%
up,
85%
checkin'
84%
days
84%
My
84%
my
84%
your
84%
call,
83%
hears
83%
him
83%
not
83%
was
83%
5
82%
and
82%
around
82%
I'm
82%
of
82%
"Why
82%
out
81%
out,
81%
pacin'
81%
weren't
81%
anything
80%
can
80%
his
80%
His
80%
voice
80%
comes
79%
most
78%
phase
77%
spends
77%
watch
77%
screamin'
76%
nights
75%
that
75%
don't
73%
gravity
73%
much
73%
by
72%
wasted
72%
at
70%
At
70%
beggin'
70%
even
69%
one
69%
there
69%
pull
68%
please
66%
used
66%
apartment,
65%
head
65%
thing,
65%
getting
64%
how
64%
pulled
64%
take
63%
won't
63%
is
62%
standin'
62%
listening
60%
wishing
60%
bomb
58%
darkest
58%
hard
58%
disarm
57%
flights
55%
life
55%
lights
55%
breathe
52%
every
52%
Live
52%
trynna
52%
leave
51%
scared
51%
death
50%
puzzles
50%
gone,
49%
solve
49%
instead
48%
laugh
48%
Long
47%
forcing
46%
he'll
46%
smiles
46%
decide
45%
symphony,
44%
fine
42%
thread,
42%
seems
39%
neverminds
38%
No matching quizzes found
Score Distribution
Percent of People with Each Score
Percentile by Number Answered
Your Score History
You have not taken this quiz